00375nam a22001217a 450000500170000002000260001703700080004310000270005124500490007826000400012727000650016730000210023220111220122444.0 a9789381497029c125.00 bPUB aTagore, Rabindra Nath  aThe hungry stones /cby Rabindra Nath Tagore aDelhi bAakanksha Parkashan c2011 aF-15A, Vijay Block, Vikas Marg, Laxmi Nagar bDelhi e110092 a61p. c23cm(Hb)